00599nam a2200205Ia 450000500170000000800410001704000190005804100120007708200130008910000210010224500610012325000120018426000250019630000100022170000250023185000110025694200070026799900170027495201020029120231101095514.0131103s9999 xx 000 0 und d aLoreto College aEnglish a780bSCH aScholes,Percy A. 4aThe Concise Oxford Dictionary of MusiccPercy A. Scholes a2nd ed. aLondonbO.U.P.c1964 a636p  aWard, John Owen. ed. aLCLIB  cBK c35978d86457 00102ddc4070aMAINbMAINd2013-11-04l0o780 SCH 20394pB38840r2013-11-04w2013-11-04yBKf